=LDR 00000nam 2200000 4500 =001 INLIS000000000016364 =005 20130612111636 =008 ***********************************Ind** =035 ##$$0010-061300000016364 =041 ##$$a Ind =082 ##$$a 372.84 =090 ##$$a 372.84, Pen p =245 ##$$a Pendidikan agama Islam untuk SD, kurikulum SD 1994 sesuai GBPP, editor, Muhaimin Ahmad, ahmad Zaini =260 ##$$a 1996 $b Semarang =300 ##$$a ...jil, ilus, 21 cm =650 ##$$a Pendidikan Dasar =650 ##$$a Agama Islam =700 ##$$a Ahmad, Muhaimin =850 ##$$a NBPNMAT